00489nam a2200193Ia 4500003000400000005001700004008004100021020002200062040000700084041000800091082002000099100001900119245006200138260004000200300001600240365001300256650001200269650001400281OSt20230518103111.0210423s2011 xx 000 0 und d a978-81-316-0465-6 cAL aeng a306.01 ZIMW223 aZIMA (Peter V) aWhat is theory: cultural theory as discourse and dialogue aNew DelhibRawat Publicationsc2011 axii,283bPB b795cINR aCulture aSociology